Động vật có xương sống
保存先:
| 第一著者: | |
|---|---|
| フォーマット: | 図書 |
| 言語: | Undetermined |
| 出版事項: |
Hà Nội
Giáo dục
1979
|
| 主題: | |
| タグ: |
タグ追加
タグなし, このレコードへの初めてのタグを付けませんか!
|
| Thư viện lưu trữ: | Trung tâm Học liệu Trường Đại học Cần Thơ |
|---|
| LEADER | 00509nam a2200169Ia 4500 | ||
|---|---|---|---|
| 001 | CTU_8990 | ||
| 008 | 210402s9999 xx 000 0 und d | ||
| 082 | |a 596 | ||
| 082 | |b H502/T3 | ||
| 100 | |a Trần Gia Huấn | ||
| 245 | 0 | |a Động vật có xương sống | |
| 245 | 0 | |c Trần Gia Huấn, Trần Kiên, Đoàn Trọng Bình | |
| 260 | |a Hà Nội | ||
| 260 | |b Giáo dục | ||
| 260 | |c 1979 | ||
| 650 | |a vertebrates | ||
| 980 | |a Trung tâm Học liệu Trường Đại học Cần Thơ | ||